| 000 | 00759nam a2200241 a 4500 | ||
|---|---|---|---|
| 001 | 55605 | ||
| 003 | BD-RjUL | ||
| 005 | 20211209080304.0 | ||
| 008 | 161120s1968 enk||||| |||| 001 0 eng d | ||
| 035 | _a(BD-RjUL)55728 | ||
| 040 |
_beng _dBD-RjUL _aBD-RjUL _cBD-RjUL |
||
| 041 | _aeng | ||
| 082 |
_223 _a306.09 _bHAR 1968 |
||
| 100 | 1 |
_aHarris, Marvin. _9165650 |
|
| 245 | 1 | 4 |
_aThe rise of anthropological theory : _ba history of theories of culture / _cMarvin Harris. |
| 260 |
_aLondon : _bRoutledge & Kegan Paul, _cc1968. |
||
| 300 |
_a806 p. ; _c24 cm. |
||
| 504 | _aIncludes bibliography and index. | ||
| 650 | 0 |
_a Ethnology -- History. _9165651 |
|
| 650 | 0 |
_aAnthropology, Cultural -- history. _9165652 |
|
| 650 | 0 |
_aCulture. _9165653 |
|
| 942 |
_2ddc _cBK |
||
| 999 |
_c55605 _d55605 |
||